banner-ar

ايقاع ومنتاج الفيلم فى مصر المؤثر النظرى الاجنبى / (Record no. 47598)

MARC details
000 -الفاتح
حقل البيانات ثابتة الطول 00450nam a2200145Ia 4500
008 - عناصر البيانات ثابتة الطول - معلومات عامة
حقل البيانات ثابتة الطول 140319s9999 xx 000 0 ara d
040 ## - مصدر الفهرسة
وكالة الفهرسة الأصلية GCL /
وكالة النسخ GCL
082 04 - رقم تصنيف ديوى العشرى
رقم التصنيف 778.53
رقم المادة ع ا
100 1# - المدخل الرئيسى - إسم شخصى
الإسم الشخصى مدكور ثابت
245 10 - بيان العنوان
العنوان ايقاع ومنتاج الفيلم فى مصر المؤثر النظرى الاجنبى /
بيان المسئوليه,etc مدكور ثابت
700 1# - المدخل الاضافى - اسم شخصى
الإسم الشخصى عادل منير
300 ## - الوصف المادى
التعداد 288 ص
490 ## - بيان السلسلة
عنوان السلسلة ملفات السينما
رقم المجلد/ التعيين التسلسلي 0
Holdings
حالة التراجع حالة الفقد حالة تلف ليس للاعارة المكان المؤقت الموقع الحالى تاريخ الاكتساب اجمالي اﻻعارات رقم الطلب الباركود تاريخ اخر مشاهدة تاريخ تفعيل السعر نوع وعاء كوها
        مكتبة القاهرة الكبرى مكتبة القاهرة الكبرى 03/26/2014   778.53\ع ا 114863 03/26/2014 03/26/2014 كتاب
        مكتبة القاهرة الكبرى مكتبة القاهرة الكبرى 03/26/2014   778.53\ع ا 114864 03/26/2014 03/26/2014 كتاب
        مكتبة القاهرة الكبرى مكتبة القاهرة الكبرى 03/26/2014   778.53\ع ا 114865 03/26/2014 03/26/2014 كتاب

Powered By

EGPV